[Event "Mittelfrankenliga 05/06 (B1)"]
[Site "Mfr.2005/06-R6"]
[Date "2006.02.12"]
[Round "6.7"]
[White "Berkovych, Igor"]
[Black "Rosin, Ralf"]
[Result "1-0"]
[WhiteElo "1913"]
[BlackElo "1961"]
[Annotator "Großenseebach1-SF Fürth1"]
[PlyCount "121"]
[EventDate "2006.02.12"]
[SourceDate "2005.10.17"]

1. Nf3 d5 2. d4 Nf6 3. Bg5 c5 4. c3 Qb6 5. Qc2 Ne4 6. Bf4 Bf5 7. Qb3 e6 8. e3
Nc6 9. Na3 Qxb3 10. axb3 a6 11. Be2 cxd4 12. exd4 Be7 13. b4 O-O 14. O-O Bf6
15. b5 axb5 16. Nxb5 b6 17. Nd2 Nxd2 18. Bxd2 Be7 19. Bf4 Rfd8 20. Rfe1 f6 21.
Bc7 Rdc8 22. Bd6 Kf7 23. Bh5+ g6 24. Bf3 Bd3 25. Bxe7 Bxb5 26. Bd6 Ra6 27. Rxa6
Bxa6 28. h4 Na5 29. Bf4 Nc4 30. Bc1 Nd6 31. Bh6 Rh8 32. Bf4 Nc4 33. b3 Nb2 34.
Bg3 Rc8 35. Re3 Nd3 36. c4 dxc4 37. bxc4 Bxc4 38. Bb7 Rd8 39. h5 gxh5 40. Bf3
Rxd4 41. Bxh5+ Ke7 42. Bc7 e5 43. Rg3 Nf4 44. Bf3 Kf7 45. Bxb6 Rd3 46. Be3 Be6
47. Bxf4 Rxf3 48. Rxf3 exf4 49. Rxf4 Bd7 50. Kf1 Be6 51. Ke2 Bd5 52. g3 Be6 53.
Ke3 Bd7 54. Rb4 Be6 55. Rb6 Bd5 56. Kf4 Be6 57. Ke4 Bc8 58. f4 Bg4 59. f5 Bh3
60. Rb7+ Kf8 61. Kf4 1-0

[Event "Mittelfrankenliga 05/06 (B1)"]
[Site "Mfr.2005/06-R6"]
[Date "2006.02.12"]
[Round "6.8"]
[White "Kirch, Daniel"]
[Black "Koschka, Robert"]
[Result "1-0"]
[WhiteElo "1912"]
[BlackElo "1834"]
[Annotator "Großenseebach1-SF Fürth1"]
[PlyCount "87"]
[EventDate "2006.02.12"]
[SourceDate "2005.10.17"]

1. d4 Nf6 2. c4 e5 3. dxe5 Ng4 4. Bf4 Bb4+ 5. Nd2 Nc6 6. Ngf3 Qe7 7. e3 Ngxe5
8. Nxe5 Nxe5 9. Be2 O-O 10. O-O d6 11. Nb3 Ng6 12. Bg3 Kh8 13. Qc2 f5 14. a3
Bc5 15. Nxc5 dxc5 16. Rfe1 a5 17. Rad1 Ra6 18. Bd3 Ne5 19. Bf4 Nxd3 20. Rxd3
Re6 21. Rd5 Re4 22. Qc3 Re8 23. Red1 Be6 24. Re5 b6 25. b3 Kg8 26. h3 Qf7 27.
Bg3 a4 28. Rxe4 fxe4 29. bxa4 Bxc4 30. Bxc7 Bb3 31. Rb1 Bxa4 32. Bxb6 c4 33.
Rb4 Bb3 34. a4 Rf8 35. Qb2 Qd5 36. Bd4 Qd7 37. a5 Qe7 38. Rb6 Qc7 39. a6 Rb8
40. Rxb8+ Qxb8 41. a7 Qb7 42. Qa1 Qa8 43. Qa5 c3 44. Qc7 1-0

[Event "Mittelfrankenliga 05/06 (B1)"]
[Site "Mfr.2005/06-R6"]
[Date "2006.02.12"]
[Round "6.1"]
[White "Seitz, Hans"]
[Black "Herning, Jens"]
[Result "1/2-1/2"]
[WhiteElo "2016"]
[BlackElo "2026"]
[Annotator "Büchenbach/Rh.1-Herzogenaurach1"]
[PlyCount "58"]
[EventDate "2006.02.12"]
[SourceDate "2005.10.17"]

1. e4 c5 2. Nf3 e6 3. d4 cxd4 4. Nxd4 Nc6 5. Nb5 d6 6. c4 a6 7. N5c3 Nf6 8. Be2
Be7 9. O-O O-O 10. Bf4 b6 11. Nd2 Bb7 12. Rc1 Rc8 13. Re1 Nd7 14. Bg3 Nce5 15.
f4 Ng6 16. Nf3 Qc7 17. Kh1 Nf6 18. f5 Ne5 19. fxe6 Nxe4 20. Nxe4 Bxe4 21. Nxe5
dxe5 22. exf7+ Kh8 23. Bg4 Rcd8 24. Qe2 Bd3 25. Qf3 Bg5 26. Bxe5 Qxf7 27. Qxf7
Rxf7 28. Rcd1 Bxc4 29. Rxd8+ Bxd8 1/2-1/2

[Event "Mittelfrankenliga 05/06 (B1)"]
[Site "Mfr.2005/06-R6"]
[Date "2006.02.12"]
[Round "6.2"]
[White "Adler, Herbert"]
[Black "Glitz, Martin"]
[Result "1/2-1/2"]
[WhiteElo "2009"]
[BlackElo "1990"]
[Annotator "Büchenbach/Rh.1-Herzogenaurach1"]
[PlyCount "70"]
[EventDate "2006.02.12"]
[SourceDate "2005.10.17"]

1. d4 d5 2. c4 e6 3. Nf3 Nf6 4. Bg5 Be7 5. Nc3 h6 6. Bh4 O-O 7. e3 b6 8. Rc1
Bb7 9. a3 Nbd7 10. Bd3 dxc4 11. Bxc4 c5 12. O-O a6 13. dxc5 Bxc5 14. b4 Be7 15.
Qe2 b5 16. Bb3 Ne4 17. Bxe7 Qxe7 18. Nxe4 Bxe4 19. Rc7 Rfc8 20. Rfc1 Rxc7 21.
Rxc7 Qd6 22. Rc1 Nf6 23. Rd1 Qc7 24. Qd2 Rc8 25. h3 Qc3 26. Qa2 Bd5 27. Bxd5
Nxd5 28. Nd4 Rc4 29. Ne2 Qc2 30. Rd2 Qxa2 31. Rxa2 Nc3 32. Nxc3 Rxc3 33. Kf1
Kf8 34. Ke2 Ke7 35. Kd2 Rc6 1/2-1/2

[Event "Mittelfrankenliga 05/06 (B1)"]
[Site "Mfr.2005/06-R6"]
[Date "2006.02.12"]
[Round "6.3"]
[White "Walther, Reinhard"]
[Black "Haeckler, Daniel"]
[Result "0-1"]
[WhiteElo "1980"]
[BlackElo "2054"]
[Annotator "Büchenbach/Rh.1-Herzogenaurach1"]
[PlyCount "110"]
[EventDate "2006.02.12"]
[SourceDate "2005.10.17"]

1. d4 Nf6 2. c4 e5 3. dxe5 Ng4 4. Bf4 g5 5. Bg3 Bg7 6. Nf3 Nc6 7. Nc3 Ngxe5 8.
Nxe5 Nxe5 9. e3 d6 10. Be2 Be6 11. Rc1 Qd7 12. b3 h5 13. Bxh5 g4 14. f4 Nc6 15.
e4 Rxh5 16. f5 Bxf5 17. exf5 Rxf5 18. Qe2+ Kf8 19. Kd1 Bh6 20. Nd5 Bxc1 21.
Kxc1 Ne5 22. Qd2 Kg7 23. Ne3 Rh5 24. Rf1 Re8 25. Nd5 Rf5 26. Re1 f6 27. Ne3 Rg5
28. Rf1 c6 29. Bh4 Rg6 30. Nf5+ Kh7 31. Nxd6 Re6 32. c5 b6 33. b4 a5 34. a3
axb4 35. axb4 bxc5 36. bxc5 Qa7 37. Qc3 Qa6 38. Rd1 Qa4 39. Rd4 Qa2 40. Rd2 Qa6
41. Qb3 Re7 42. h3 Qa1+ 43. Qb1 Qc3+ 44. Kd1 Qxc5 45. Bf2 Qa3 46. Nf5 Qa4+ 47.
Kc1 Qc4+ 48. Qc2 Qxc2+ 49. Kxc2 Rd7 50. Re2 gxh3 51. gxh3 Rg2 52. Ng3 Rd3 53.
Rxe5 Rdxg3 54. Rf5 Rxh3 55. Kd1 Kg6 0-1

[Event "Mittelfrankenliga 05/06 (B1)"]
[Site "Mfr.2005/06-R6"]
[Date "2006.02.12"]
[Round "6.4"]
[White "Braun, Robert[74]"]
[Black "Wellmann, Franz Georg"]
[Result "1-0"]
[WhiteElo "1960"]
[BlackElo "1863"]
[Annotator "Büchenbach/Rh.1-Herzogenaurach1"]
[PlyCount "67"]
[EventDate "2006.02.12"]
[SourceDate "2005.10.17"]

1. e4 c5 2. Nf3 d6 3. d4 cxd4 4. Nxd4 Nf6 5. Nc3 a6 6. Be3 e5 7. Nb3 Be6 8. Be2
Nbd7 9. O-O Be7 10. f4 exf4 11. Rxf4 O-O 12. Nd4 d5 13. Nxe6 fxe6 14. exd5 e5
15. Rf5 g6 16. Rf1 Bc5 17. Bf2 b5 18. a3 Qb6 19. Qe1 e4 20. Bxc5 Nxc5 21. Qf2
Nh5 22. Qe3 Nf4 23. Rae1 Rae8 24. g3 Nxe2+ 25. Rxe2 Rxf1+ 26. Kxf1 a5 27. Qd4
Rf8+ 28. Kg2 b4 29. Nxe4 bxa3 30. bxa3 Qb5 31. c4 Qb3 32. Nf6+ Rxf6 33. Qxf6
Qb8 34. Re7 1-0

[Event "Mittelfrankenliga 05/06 (B1)"]
[Site "Mfr.2005/06-R6"]
[Date "2006.02.12"]
[Round "6.5"]
[White "Boehm, Reinhard,Dr."]
[Black "Schoenberger, Andreas"]
[Result "0-1"]
[WhiteElo "1844"]
[BlackElo "1965"]
[Annotator "Büchenbach/Rh.1-Herzogenaurach1"]
[PlyCount "68"]
[EventDate "2006.02.12"]
[SourceDate "2005.10.17"]

1. e4 c5 2. Nc3 Nc6 3. g3 g6 4. Bg2 Bg7 5. d3 Nf6 6. f4 d6 7. Nf3 O-O 8. O-O
Rb8 9. h3 Nd4 10. Ne2 Nxf3+ 11. Rxf3 b5 12. g4 e6 13. Ng3 Bb7 14. Rf2 Nd7 15.
f5 Bd4 16. Bh6 Qh4 17. Bxf8 Qxg3 18. Bxd6 Qxd6 19. fxe6 fxe6 20. c3 Bxf2+ 21.
Kxf2 Rf8+ 22. Kg1 Qg3 23. Qe2 Ne5 24. Rf1 Nxd3 25. Rxf8+ Kxf8 26. Kf1 Nf4 27.
Qxb5 Qxg2+ 28. Ke1 Qxe4+ 29. Kd2 Qd5+ 30. Ke3 Ng2+ 31. Ke2 c4 32. Qb4+ Kf7 33.
Qa4 Qf3+ 34. Kd2 Qe3+ 0-1

[Event "Mittelfrankenliga 05/06 (B1)"]
[Site "Mfr.2005/06-R6"]
[Date "2006.02.12"]
[Round "6.6"]
[White "Kittsteiner, Peter"]
[Black "Wolter, Norbert"]
[Result "0-1"]
[WhiteElo "1864"]
[BlackElo "1748"]
[Annotator "Büchenbach/Rh.1-Herzogenaurach1"]
[PlyCount "97"]
[EventDate "2006.02.12"]
[SourceDate "2005.10.17"]

1. e4 d5 2. exd5 Nf6 3. d4 Nxd5 4. c4 Nb6 5. Nc3 e5 6. d5 Bb4 7. Qc2 c6 8. a3
Bxc3+ 9. Qxc3 O-O 10. dxc6 Nxc6 11. Be3 Be6 12. Nf3 Rc8 13. b3 f6 14. Be2 Ne7
15. O-O Nbd5 16. Qd2 Nxe3 17. Qxe3 b6 18. Rfd1 Qc7 19. Rd2 Rfd8 20. Rad1 Nc6
21. h3 Rxd2 22. Rxd2 Rd8 23. g4 Rxd2 24. Qxd2 Qd7 25. Qxd7 Bxd7 26. Bd3 h5 27.
Be4 hxg4 28. hxg4 Ne7 29. Nh2 Kf7 30. f3 Bc6 31. Bc2 Ke6 32. Kf2 Kd6 33. Nf1 b5
34. cxb5 Bxb5 35. Nd2 Bc6 36. Ne4+ Bxe4 37. Bxe4 Kc5 38. Ke3 Nc8 39. Bf5 Nd6
40. Be6 Nb5 41. Ke4 Kd6 42. Bg8 Nxa3 43. Kf5 Ke7 44. g5 Nc2 45. Kg6 fxg5 46.
Kxg5 Kd6 47. Kf5 Nd4+ 48. Ke4 Ne6 49. Kf5 0-1

[Event "Mittelfrankenliga 05/06 (B1)"]
[Site "Mfr.2005/06-R6"]
[Date "2006.02.12"]
[Round "6.7"]
[White "Habermann, Manfred,Dr."]
[Black "Ludwig, Michael[70]"]
[Result "0-1"]
[WhiteElo "1890"]
[BlackElo "1822"]
[Annotator "Büchenbach/Rh.1-Herzogenaurach1"]
[PlyCount "52"]
[EventDate "2006.02.12"]
[SourceDate "2005.10.17"]

1. c4 c6 2. Nf3 d5 3. e3 Bf5 4. h3 e6 5. Nc3 Bd6 6. d4 Nf6 7. Nh4 Be4 8. Nxe4
dxe4 9. g3 Qc7 10. Ng2 Nbd7 11. c5 Be7 12. Qc2 b6 13. cxb6 axb6 14. Nf4 e5 15.
Ne2 Bb4+ 16. Bd2 Bxd2+ 17. Qxd2 O-O 18. Bg2 exd4 19. Nxd4 c5 20. Nb5 Qc6 21.
Qc3 Ne5 22. O-O Nf3+ 23. Bxf3 exf3 24. Rfd1 Qe6 25. Kh2 Ng4+ 26. hxg4 Qh6+ 0-1

[Event "Mittelfrankenliga 05/06 (B1)"]
[Site "Mfr.2005/06-R6"]
[Date "2006.02.12"]
[Round "6.8"]
[White "Heller, Michael"]
[Black "Eichstaedt, Timm"]
[Result "0-1"]
[WhiteElo "1705"]
[BlackElo "1861"]
[Annotator "Büchenbach/Rh.1-Herzogenaurach1"]
[PlyCount "68"]
[EventDate "2006.02.12"]
[SourceDate "2005.10.17"]

1. c4 b6 2. Nc3 Bb7 3. e4 e6 4. d3 Ne7 5. Nf3 c5 6. Bf4 d6 7. Be2 Nbc6 8. Qa4
Ng6 9. Bg3 Be7 10. d4 cxd4 11. Nxd4 Qd7 12. Nf3 O-O 13. O-O Rad8 14. Rfd1 Qc7
15. b4 Nce5 16. Nxe5 dxe5 17. a3 f5 18. f3 Nf4 19. Bf1 a6 20. Qc2 Rc8 21. Bf2
Rf6 22. g3 Nh5 23. Be2 g6 24. Na4 fxe4 25. fxe4 Rxf2 26. Kxf2 b5 27. Nb2 Nf6
28. Bd3 bxc4 29. Nxc4 Qd8 30. Qe2 Qd4+ 31. Ne3 Nxe4+ 32. Bxe4 Qxe4 33. Rg1 Bg5
34. Nc4 Qd4+ 0-1

[Event "Mittelfrankenliga 05/06 (B1)"]
[Site "Mfr.2005/06-R6"]
[Date "2006.02.12"]
[Round "6.1"]
[White "Gueting, Jens"]
[Black "Erlbeck, Peter"]
[Result "0-1"]
[WhiteElo "2169"]
[BlackElo "1991"]
[Annotator "SW Nbg.2-Nbg.1911/1"]
[PlyCount "87"]
[EventDate "2006.02.12"]
[SourceDate "2005.10.17"]

1. e4 c5 2. Nc3 Nc6 3. g3 g6 4. Bg2 Bg7 5. f4 d6 6. Nge2 e6 7. a3 Nge7 8. Rb1
O-O 9. b4 c4 10. b5 Na5 11. d4 cxd3 12. cxd3 b6 13. Be3 Bb7 14. Qd2 d5 15. e5
Rc8 16. Nd4 Qd7 17. Nce2 Rc7 18. g4 Rfc8 19. h4 f6 20. exf6 Bxf6 21. g5 Bg7 22.
Bh3 Nf5 23. Bxf5 exf5 24. O-O Qe7 25. a4 Re8 26. Bf2 Qd6 27. Rfc1 Rce7 28. Rc2
Rxe2 29. Nxe2 d4 30. Kh2 Nb3 31. Qd1 Nc5 32. Rd2 Qd5 33. Qf1 Nxa4 34. Qg1 Nc3
35. Re1 Nxb5 36. Ng3 Rxe1 37. Bxe1 Bf8 38. Re2 Bd6 39. Bd2 Qf3 40. Qe1 Bd5 41.
Rf2 Qxd3 42. Qe8+ Kg7 43. h5 h6 44. gxh6+ 0-1

[Event "Mittelfrankenliga 05/06 (B1)"]
[Site "Mfr.2005/06-R6"]
[Date "2006.02.12"]
[Round "6.2"]
[White "Woerl, Richard"]
[Black "Demburg, Dimitrij"]
[Result "1/2-1/2"]
[WhiteElo "1976"]
[BlackElo "1956"]
[Annotator "SW Nbg.2-Nbg.1911/1"]
[PlyCount "68"]
[EventDate "2006.02.12"]
[SourceDate "2005.10.17"]

1. e4 e6 2. d4 d5 3. exd5 exd5 4. Bd3 Nf6 5. Ne2 Be7 6. O-O O-O 7. Nd2 b6 8.
Ng3 Re8 9. Re1 c5 10. c3 Nc6 11. Bb5 Qc7 12. Nf3 Bd7 13. Bxc6 Bxc6 14. Bg5 h6
15. Bxf6 Bxf6 16. Nh5 Qd6 17. Nxf6+ Qxf6 18. Ne5 Qe6 19. Nxc6 Qxc6 20. Qd2 Rad8
21. f3 Qb5 22. Kf2 Rc8 23. Rxe8+ Rxe8 24. Re1 Rxe1 25. Kxe1 cxd4 26. cxd4 Qc4
27. b3 Qc7 28. g3 Qd7 29. Kf2 Qh3 30. Kg1 Qf5 31. Kg2 Qb1 32. Qe2 Qa1 33. Qd2
Qb1 34. Qe2 Qa1 1/2-1/2

[Event "Mittelfrankenliga 05/06 (B1)"]
[Site "Mfr.2005/06-R6"]
[Date "2006.02.12"]
[Round "6.3"]
[White "Steger, Otmar"]
[Black "Hirn, Erwin"]
[Result "1/2-1/2"]
[WhiteElo "1984"]
[BlackElo "1986"]
[Annotator "SW Nbg.2-Nbg.1911/1"]
[PlyCount "51"]
[EventDate "2006.02.12"]
[SourceDate "2005.10.17"]

1. d4 Nf6 2. Nf3 d5 3. c4 e6 4. Bg5 Be7 5. Nc3 O-O 6. e3 c5 7. cxd5 cxd4 8.
Nxd4 Nxd5 9. Bxe7 Nxe7 10. Bd3 Nbc6 11. Qh5 g6 12. Nxc6 Nxc6 13. Qe2 Ne5 14.
Be4 Qc7 15. O-O Bd7 16. Rac1 Rac8 17. a3 a6 18. Rfd1 Bb5 19. Qe1 Qb6 20. Nxb5
Qxb5 21. b4 Rxc1 22. Rxc1 Nd3 23. Bxd3 Qxd3 24. Qc3 Rd8 25. g3 Qxc3 26. Rxc3
1/2-1/2

[Event "Mittelfrankenliga 05/06 (B1)"]
[Site "Mfr.2005/06-R6"]
[Date "2006.02.12"]
[Round "6.4"]
[White "Schuster, Norbert[59]"]
[Black "Augustin, Achim"]
[Result "0-1"]
[WhiteElo "1960"]
[BlackElo "1948"]
[Annotator "SW Nbg.2-Nbg.1911/1"]
[PlyCount "150"]
[EventDate "2006.02.12"]
[SourceDate "2005.10.17"]

1. d4 c5 2. c3 d5 3. Nf3 e6 4. Bf4 Qb6 5. Qb3 Nc6 6. Qxb6 axb6 7. e3 c4 8. Nbd2
b5 9. a3 b4 10. cxb4 Bxb4 11. Rc1 Be7 12. Be2 Nf6 13. O-O O-O 14. Ne5 Bd7 15.
Nxd7 Nxd7 16. Nb1 g5 17. Bg3 f5 18. f4 g4 19. Nc3 Ra5 20. Be1 b5 21. Na2 Ra7
22. Bd1 Nf6 23. Bc2 b4 24. Nxb4 Nxb4 25. axb4 Rb7 26. b3 Bxb4 27. bxc4 Bxe1 28.
Rfxe1 dxc4 29. Bb1 Rc7 30. Re2 c3 31. Ba2 Kf7 32. Rec2 Rfc8 33. Kf1 Ke7 34. Ke2
Kd6 35. Kd3 Ne4 36. Rb1 h5 37. Rb6+ Rc6 38. Rb7 Rh8 39. Bc4 Rhc8 40. Bb5 R6c7
41. Rb6+ Ke7 42. Ba6 Rd8 43. Ke2 g3 44. hxg3 Rg8 45. Bd3 Rxg3 46. Bxe4 fxe4 47.
Kf2 h4 48. Rb3 Kf6 49. Rcxc3 Rcg7 50. Kg1 h3 51. Rb2 Rxg2+ 52. Rxg2 Rxg2+ 53.
Kf1 Ra2 54. Kg1 Re2 55. Kh1 Kf5 56. Rc5+ Kg4 57. Rg5+ Kf3 58. d5 exd5 59. f5
Kxe3 60. f6 Rf2 61. Rxd5 Rxf6 62. Rd1 Rf3 63. Ra1 Kf2 64. Ra2+ Kg3 65. Kg1 e3
66. Re2 Kf4 67. Ra2 Rg3+ 68. Kf1 Rg2 69. Ra8 e2+ 70. Ke1 h2 71. Rf8+ Ke5 72.
Re8+ Kf6 73. Rh8 Kg7 74. Rh3 Rg1+ 75. Kxe2 h1=Q 0-1

[Event "Mittelfrankenliga 05/06 (B1)"]
[Site "Mfr.2005/06-R6"]
[Date "2006.02.12"]
[Round "6.5"]
[White "Herbst, Thomas"]
[Black "Luther, Helmut"]
[Result "1-0"]
[WhiteElo "1927"]
[BlackElo "1912"]
[Annotator "SW Nbg.2-Nbg.1911/1"]
[PlyCount "81"]
[EventDate "2006.02.12"]
[SourceDate "2005.10.17"]

1. Nf3 d6 2. d4 Nf6 3. c4 g6 4. Nc3 Bg7 5. e4 O-O 6. Be2 Nbd7 7. O-O e5 8. Bg5
h6 9. Bh4 c6 10. d5 c5 11. Nd2 a6 12. a3 Qe8 13. b4 Nh7 14. Rb1 Ng5 15. Nb3 f5
16. bxc5 Nxc5 17. Nxc5 dxc5 18. f3 Rf6 19. Bd3 f4 20. Na4 Bf8 21. Bf2 Qd8 22.
Nxc5 b5 23. cxb5 axb5 24. Bxb5 Rxa3 25. Qc2 Qa5 26. Nd3 Ba6 27. Bxa6 Qxa6 28.
Nxe5 Bd6 29. Ng4 Rf8 30. Nxh6+ Kh7 31. Ng4 Rc8 32. Qb2 Rc7 33. Qf6 Nf7 34. Rb8
Ra2 35. Qh4+ Kg7 36. Nf6 Rc8 37. Rxc8 Qxc8 38. Ng4 Qc2 39. Qf6+ Kg8 40. e5 Bc5
41. Qxf4 1-0

[Event "Mittelfrankenliga 05/06 (B1)"]
[Site "Mfr.2005/06-R6"]
[Date "2006.02.12"]
[Round "6.6"]
[White "Thuerauf, Peter"]
[Black "Wissmeier, Bernd"]
[Result "1/2-1/2"]
[WhiteElo "1849"]
[BlackElo "1910"]
[Annotator "SW Nbg.2-Nbg.1911/1"]
[PlyCount "110"]
[EventDate "2006.02.12"]
[SourceDate "2005.10.17"]

1. d4 Nf6 2. Nf3 d5 3. c4 e6 4. Bg5 Be7 5. e3 c5 6. Nc3 Nc6 7. Be2 dxc4 8. Bxc4
cxd4 9. exd4 O-O 10. O-O a6 11. a4 Qb6 12. Qb3 Qc7 13. Be2 Na5 14. Qc2 Rd8 15.
Rac1 Qb6 16. Rcd1 Bd7 17. Ne5 Rac8 18. Bd3 h6 19. Nxd7 Rxd7 20. Bxf6 Bxf6 21.
Nd5 Qd8 22. Nxf6+ gxf6 23. Qd2 Kg7 24. Be4 f5 25. Bf3 Nb3 26. Qe3 Nxd4 27. Bxb7
Rxb7 28. Rxd4 Qf6 29. Qd2 Rb3 30. Rb4 Rd8 31. Qxd8 Rxb4 32. Qa5 Qd4 33. Qxa6
Rxa4 34. Qe2 Ra2 35. Rb1 Qd5 36. h3 Qd4 37. Qe3 Qxe3 38. fxe3 Kf6 39. Kf2 Ke5
40. Kf3 Ra8 41. Rd1 Rb8 42. Rd7 Kf6 43. Rd2 Rb3 44. g4 Rb4 45. gxf5 Kxf5 46.
Rg2 e5 47. Rc2 Rb3 48. Re2 f6 49. Rc2 h5 50. Re2 h4 51. Rc2 Rb4 52. Rd2 Rb7 53.
Rc2 Rb4 54. Rd2 Rb3 55. Rc2 Rb4 1/2-1/2

[Event "Mittelfrankenliga 05/06 (B1)"]
[Site "Mfr.2005/06-R6"]
[Date "2006.02.12"]
[Round "6.7"]
[White "Weinmann, Stefan"]
[Black "Diehl, Achim"]
[Result "0-1"]
[WhiteElo "1991"]
[BlackElo "1956"]
[Annotator "SW Nbg.2-Nbg.1911/1"]
[PlyCount "82"]
[EventDate "2006.02.12"]
[SourceDate "2005.10.17"]

1. d4 g6 2. c4 Bg7 3. Nc3 c5 4. d5 Bxc3+ 5. bxc3 Nf6 6. e3 d6 7. Be2 Qa5 8. Bb2
Nbd7 9. Nf3 Nb6 10. Nd2 Bf5 11. g4 Bd7 12. g5 Ng8 13. Nb3 Qa4 14. Qd3 h6 15.
gxh6 Rxh6 16. Nd2 Nf6 17. Bd1 Qa6 18. a4 Rh7 19. a5 Nbxd5 20. Bf3 Nc7 21. Ne4
Ng4 22. Bxg4 Bxg4 23. Ng5 Rh5 24. h4 d5 25. f3 dxc4 26. Qc2 Bf5 27. e4 Bd7 28.
O-O-O f6 29. Nh3 O-O-O 30. Nf4 Rh6 31. Nd5 Nxd5 32. Rxd5 Qxa5 33. Rhd1 Rhh8 34.
Qf2 Bc6 35. Rxd8+ Rxd8 36. Rxd8+ Kxd8 37. Qg3 Qc7 38. Qxg6 Qf4+ 39. Kb1 Qxf3
40. Qg8+ Kc7 41. Qe6 Qxe4+ 0-1

[Event "Mittelfrankenliga 05/06 (B1)"]
[Site "Mfr.2005/06-R6"]
[Date "2006.02.12"]
[Round "6.8"]
[White "Werner, Thomas[65]"]
[Black "Pannek, Matthias"]
[Result "1/2-1/2"]
[WhiteElo "1910"]
[BlackElo "1953"]
[Annotator "SW Nbg.2-Nbg.1911/1"]
[PlyCount "53"]
[EventDate "2006.02.12"]
[SourceDate "2005.10.17"]

1. d4 d5 2. c4 e6 3. Nc3 Nf6 4. cxd5 exd5 5. Bg5 Be7 6. Qc2 O-O 7. e3 Nbd7 8.
Bd3 c6 9. Nge2 Re8 10. O-O Nf8 11. Rab1 Ng4 12. Bxe7 Qxe7 13. h3 Nf6 14. b4 Bd7
15. Na4 Ne6 16. Nec3 b5 17. Nc5 Nxc5 18. dxc5 a5 19. a3 Qe5 20. Ne2 g6 21. Nd4
Nh5 22. Nf3 Qf6 23. Qb2 Qxb2 24. Rxb2 Ng7 25. Nd4 axb4 26. axb4 Ne6 27. Nb3
1/2-1/2

[Event "Mittelfrankenliga 05/06 (B1)"]
[Site "Mfr.2005/06-R6"]
[Date "2006.02.12"]
[Round "6.1"]
[White "Promyshlyanskiy, Vitaliy"]
[Black "Kroneder, Christian"]
[Result "1-0"]
[WhiteElo "2240"]
[BlackElo "2077"]
[Annotator "Schwanstetten1-NT Nbg.3"]
[PlyCount "71"]
[EventDate "2006.02.12"]
[SourceDate "2005.10.17"]

1. e4 c5 2. Nc3 Nc6 3. f4 g6 4. Nf3 Bg7 5. Bb5 Nd4 6. O-O Nxb5 7. Nxb5 d6 8. a4
e6 9. e5 d5 10. Nd6+ Kf8 11. d4 cxd4 12. b3 Qb6 13. a5 Qc7 14. Ba3 Ne7 15. Qxd4
Kg8 16. c4 Bd7 17. Rfc1 dxc4 18. Rxc4 Nc6 19. Qc3 Rd8 20. a6 bxa6 21. Kh1 Qb6
22. Bc5 Qb8 23. Rxa6 h6 24. b4 Bf8 25. Nd2 Ne7 26. Bxa7 Qa8 27. Ra1 Nd5 28. Qd4
Bxd6 29. exd6 Qb7 30. Ne4 Ra8 31. Nc5 Qc6 32. Nxe6 fxe6 33. Rxc6 Bxc6 34. Bc5
Rxa1+ 35. Qxa1 Nxf4 36. d7 1-0

[Event "Mittelfrankenliga 05/06 (B1)"]
[Site "Mfr.2005/06-R6"]
[Date "2006.02.12"]
[Round "6.2"]
[White "Wittmann, Karl"]
[Black "Vogiatzis, Dimitrios"]
[Result "0-1"]
[WhiteElo "2056"]
[BlackElo "1955"]
[Annotator "Schwanstetten1-NT Nbg.3"]
[PlyCount "50"]
[EventDate "2006.02.12"]
[SourceDate "2005.10.17"]

1. e4 e5 2. Nf3 d5 3. Nxe5 Bd6 4. d4 dxe4 5. Nc4 Nf6 6. Be2 Nc6 7. c3 O-O 8.
Nxd6 Qxd6 9. b3 Re8 10. O-O h6 11. Na3 a6 12. Nc4 Qe7 13. a4 Nd5 14. Qc2 Qf6
15. Ne3 Nxc3 16. Qxc3 Nxd4 17. Qb2 Nxe2+ 18. Qxe2 Qxa1 19. Bb2 Qa2 20. Qc2 Be6
21. Qc3 f6 22. Nc4 Rad8 23. Qg3 Rd3 24. f3 Bxc4 25. Bxf6 Rd7 0-1

[Event "Mittelfrankenliga 05/06 (B1)"]
[Site "Mfr.2005/06-R6"]
[Date "2006.02.12"]
[Round "6.3"]
[White "Ederer, Rene"]
[Black "Manthey, Frank"]
[Result "1/2-1/2"]
[WhiteElo "1936"]
[BlackElo "2018"]
[Annotator "Schwanstetten1-NT Nbg.3"]
[PlyCount "83"]
[EventDate "2006.02.12"]
[SourceDate "2005.10.17"]

1. d4 d5 2. c4 e6 3. Nc3 Nf6 4. Nf3 Be7 5. Bg5 O-O 6. e3 h6 7. Bh4 b6 8. cxd5
Nxd5 9. Bxe7 Qxe7 10. Rc1 Bb7 11. Be2 Rc8 12. O-O Nd7 13. Nxd5 exd5 14. Qc2 c5
15. Qf5 Nf8 16. Rfe1 Rc7 17. Rc2 Rd8 18. Rec1 Bc8 19. Qe5 Qxe5 20. Nxe5 Bf5 21.
Bd3 Bxd3 22. Nxd3 c4 23. Nf4 b5 24. Kf1 Rc6 25. a3 a5 26. Ke1 Rb6 27. Ne2 Ne6
28. h4 Ra8 29. Nc3 Nc7 30. Kd2 Rf6 31. Ke2 Re6 32. Kd2 b4 33. Na4 Na6 34. Ra1
Rb8 35. axb4 Nxb4 36. Rc3 Nd3 37. f3 Rb4 38. b3 Re7 39. bxc4 dxc4 40. e4 Nf4
41. g4 Rd7 42. d5 1/2-1/2

[Event "Mittelfrankenliga 05/06 (B1)"]
[Site "Mfr.2005/06-R6"]
[Date "2006.02.12"]
[Round "6.4"]
[White "Kotissek, Philipp"]
[Black "Renner, Christian"]
[Result "0-1"]
[WhiteElo "2048"]
[BlackElo "1920"]
[Annotator "Schwanstetten1-NT Nbg.3"]
[PlyCount "76"]
[EventDate "2006.02.12"]
[SourceDate "2005.10.17"]

1. c4 c6 2. g3 Nf6 3. Bg2 d5 4. Nf3 Bf5 5. b3 e6 6. Bb2 h6 7. O-O Be7 8. d3 O-O
9. Nbd2 Nbd7 10. Re1 Bh7 11. Bc3 a5 12. a3 b5 13. e4 b4 14. axb4 axb4 15. Bxf6
Bxf6 16. e5 Be7 17. d4 Rxa1 18. Qxa1 c5 19. Qa6 dxc4 20. Nxc4 cxd4 21. Nxd4
Nxe5 22. Nxe6 fxe6 23. Qxe6+ Nf7 24. Qxe7 Qxe7 25. Rxe7 Rd8 26. Bf3 Bc2 27. Na5
Ng5 28. Bc6 Kf8 29. Re2 Rd1+ 30. Kg2 Bd3 31. Re8+ Kf7 32. h4 Bf1+ 33. Kh2 Ne6
34. Rc8 Ba6 35. Nc4 Bxc8 36. Ne5+ Kf6 37. Nf3 Nd4 38. Nxd4 Rxd4 0-1

[Event "Mittelfrankenliga 05/06 (B1)"]
[Site "Mfr.2005/06-R6"]
[Date "2006.02.12"]
[Round "6.5"]
[White "Vogiatzis, Joannis"]
[Black "Arlt, Michael"]
[Result "1-0"]
[WhiteElo "1921"]
[BlackElo "1944"]
[Annotator "Schwanstetten1-NT Nbg.3"]
[PlyCount "66"]
[EventDate "2006.02.12"]
[SourceDate "2005.10.17"]

1. d4 Nf6 2. Nc3 d5 3. Bg5 e6 4. e4 dxe4 5. Nxe4 Be7 6. Bxf6 Bxf6 7. Nf3 Nd7 8.
Bd3 O-O 9. Qe2 c5 10. c3 cxd4 11. Nxf6+ Nxf6 12. Nxd4 e5 13. Nb3 Bg4 14. Qc2 e4
15. Be2 Bf5 16. Nd4 Bg6 17. Qb3 Qc7 18. O-O Rad8 19. Rfe1 Rfe8 20. Rad1 a6 21.
c4 Nd7 22. a3 Nc5 23. Qe3 Kf8 24. Qc3 Re7 25. h4 Nd3 26. h5 Bxh5 27. Bxh5 Nxe1
28. Qxe1 Red7 29. Qxe4 Qxc4 30. Qxh7 Rxd4 31. Re1 f6 32. Qg6 Rd1 33. Bxd1 Qf7
1-0

[Event "Mittelfrankenliga 05/06 (B1)"]
[Site "Mfr.2005/06-R6"]
[Date "2006.02.12"]
[Round "6.6"]
[White "Cipra, Lothar"]
[Black "Krauss, Hermann"]
[Result "1-0"]
[WhiteElo "1908"]
[BlackElo "1999"]
[Annotator "Schwanstetten1-NT Nbg.3"]
[PlyCount "55"]
[EventDate "2006.02.12"]
[SourceDate "2005.10.17"]

1. d4 Nf6 2. c4 c5 3. d5 e5 4. Nc3 d6 5. e4 Be7 6. Bd3 Nbd7 7. Nge2 Nf8 8. f3
Ng6 9. Qc2 Nh5 10. Be3 Bg5 11. Qd2 h6 12. Bc2 Bxe3 13. Qxe3 Qg5 14. Qxg5 hxg5
15. a3 g4 16. fxg4 Bxg4 17. b4 b6 18. bxc5 bxc5 19. Rb1 Ngf4 20. Ba4+ Kd8 21.
Nxf4 Nxf4 22. O-O f6 23. Rb7 Rh7 24. Rfb1 Ne2+ 25. Nxe2 Bxe2 26. Rf7 Rh8 27.
Bc6 Rc8 28. Rbb7 1-0